Advances in agronomy: T54

Sparad:
Bibliografiska uppgifter
Materialtyp: Bok
Språk:Undetermined
Publicerad: San Diego Academic 1995
Ämnen:
Taggar: Lägg till en tagg
Inga taggar, Lägg till första taggen!
Thư viện lưu trữ: Trung tâm Học liệu Trường Đại học Cần Thơ
LEADER 00421nam a2200157Ia 4500
001 CTU_21579
008 210402s9999 xx 000 0 und d
082 |a 630.5 
082 |b A244/T54 
245 0 |a Advances in agronomy: T54 
260 |a San Diego 
260 |b Academic 
260 |c 1995 
650 |a agronomy 
904 |i Nguyễn Quang Điền, 980113 
980 |a Trung tâm Học liệu Trường Đại học Cần Thơ